000 01121nam a2200241Ia 4500
999 _c37537
_d37537
001 3502
003 GE_BSU
005 20190618160716.0
008 181216s2007||||ge |||||||||||||| ||geo||
020 _a9789992807804
040 _cGE_BSU
041 _ageo
080 _a548.3(075.8) მ–42
100 _aმაჩხოშვილი, რ.
_92553
245 _aკრისტალოქიმია : მოლეკულების და კრისტალების სიმეტრია :
_bსახელმძღვ. ქიმ. სპეც. სტუდ. /
_cრ. მაჩხოშვილი, ნ. დიდმანიძე.
264 _aთბილისი :
_bთბილისის სახ. უნ–ტის სტამბა,
_c2007.
300 _a163 გვ. ;
_b20 სმ.
653 _aკრისტალოქიმია.
653 _aმოლეკულების და კრისტალების სიმეტრია.
653 _aქიმია
700 _aდიდმანიძე, ნ.
_eავტორი
_92554
942 _cBK
_2udc